[Event "IND AICF-ch blind 10th"]
[Site "Mumbai"]
[Date "2014.02.27"]
[Round "7"]
[White "Yudhajeet, De"]
[Black "Bagayatkar, Madan"]
[Result "1/2-1/2"]
[WhiteElo "1531"]
[BlackElo "1753"]
[PlyCount "124"]
[EventDate "2014.02.23"]
[EventType "tourn"]
[EventRounds "13"]
[EventCountry "IND"]
[SourceTitle "CBM 159 Extra"]
[Source "ChessBase"]
[SourceDate "2014.04.24"]
[SourceVersion "1"]
[SourceVersionDate "2014.04.24"]
[SourceQuality "1"]

1. d4 d5 2. Bf4 Nf6 3. e3 e6 4. Bd3 Nbd7 5. Ne2 c5 6. c3 c4 7. Bc2 Nh5 8. 0-0 Nxf4 9. Nxf4 Bd6 10. Qg4 g6 11. Nd2 h5 12. Qf3 Nf6 13. e4 dxe4 14. Nxe4 Nxe4 15. Bxe4 g5 16. Nxh5 Qc7 17. Nf6+ Ke7 18. h3 Bd7 19. Nxd7 Qxd7 20. d5 f5 21. dxe6 Qc7 22. Qxf5 Raf8 23. Qxg5+ Kxe6 24. Bd5+ Kd7 25. Qg7+ Be7 26. Rfe1 Qc5 27. Qd4 Qxd4 28. cxd4 b5 29. Bf3 Rhg8 30. Kf1 Rf4 31. Re4 Rgf8 32. Rxf4 Rxf4 33. Rd1 b4 34. Bd5 c3 35. bxc3 bxc3 36. Bb3 a5 37. Ke2 Rf8 38. Rc1 Bb4 39. a3 Bxa3 40. Rxc3 Bb2 41. Rc5 Ra8 42. Rc4 Kd6 43. d5 Rb8 44. Ba2 Ba3 45. Rc2 Bc5 46. Kd3 Rg8 47. g3 Rf8 48. f4 Rh8 49. h4 Re8 50. Re2 Rg8 51. Re6+ Kd7 52. Re2 Rxg3+ 53. Kc4 Bd6 54. f5 Rg4+ 55. Kb5 Rxh4 56. Kxa5 Rf4 57. Bb1 Bc7+ 58. Kb5 Kd6 59. Re4 Kxd5 60. Rxf4 Bxf4 61. Kb6 Ke5 62. Kc6 Kf6 1/2-1/2

[Event "Bhubaneswar KIIT Cup blind"]
[Site "Bhubaneswar"]
[Date "2013.01.26"]
[Round "3"]
[White "Bagayatkar, Madan"]
[Black "Yudhajeet, De"]
[Result "1-0"]
[WhiteElo "1774"]
[BlackElo "1591"]
[PlyCount "145"]
[EventDate "2013.01.25"]
[EventType "tourn"]
[EventRounds "13"]
[EventCountry "IND"]
[SourceTitle "EXT 2015"]
[Source "ChessBase"]
[SourceDate "2014.11.20"]
[SourceVersion "1"]
[SourceVersionDate "2014.11.20"]
[SourceQuality "1"]

1. e4 d5 2. exd5 Qxd5 3. Nc3 Qe5+ 4. Be2 c6 5. d4 Qc7 6. Nf3 Bf5 7. 0-0 Nd7 8. Re1 e6 9. a3 h6 10. Bc4 Ngf6 11. Nh4 Bh7 12. g3 Be7 13. Ng2 0-0 14. Bd3 Bxd3 15. Qxd3 a6 16. Bf4 Bd6 17. Rad1 Rfd8 18. Bxd6 Qxd6 19. Ne4 Nxe4 20. Qxe4 Nf6 21. Qf3 Qd5 22. Qe2 c5 23. c3 Qc6 24. dxc5 Qxc5 25. Ne3 Rd7 26. Rxd7 Nxd7 27. Rd1 Nb6 28. Qf3 Qc7 29. Rd4 Rc8 30. a4 a5 31. Qe2 Nd7 32. Qb5 Ne5 33. Kg2 Qc6+ 34. Qxc6 Rxc6 35. f4 Ng6 36. f5 Ne5 37. Rd8+ Kh7 38. fxe6 fxe6 39. Nc2 Rb6 40. b4 Rc6 41. Nd4 Rxc3 42. bxa5 Ra3 43. Nxe6 Rxa4 44. Nf8+ Kh8 45. Ng6+ Kh7 46. Nxe5 Rxa5 47. Nc4 Ra2+ 48. Nd2 b5 49. Kf3 b4 50. Ke3 Ra3+ 51. Kd4 Kg6 52. Kc4 Re3 53. Kxb4 Re2 54. h4 Re3 55. g4 Rg3 56. Rd6+ Kf7 57. Rd4 Re3 58. Ne4 Rf3 59. Kc5 Ke6 60. Nd6 Rc3+ 61. Nc4 Kf7 62. Kd5 Rg3 63. Nd6+ Kg8 64. Ke5 Re3+ 65. Kf5 Rf3+ 66. Ke5 Re3+ 67. Kf4 Re7 68. h5 Rd7 69. Kf5 Kf8 70. Kg6 Ke7 71. Nf5+ Kd8 72. Rxd7+ Kxd7 73. Kxg7 1-0